| 000 | 01075nam0a2200313 4500 | ||
|---|---|---|---|
| 001 | RU\NLR\bibl\1402248 | ||
| 005 | 20260405182520.0 | ||
| 010 |
_a978-5-395-00429-1 _915000 |
||
| 021 |
_aRU _b2009-46183 _92808 |
||
| 021 |
_aRU _b2009-46522 _92832 |
||
| 035 | _a(nilc)EL/0000281802 | ||
| 035 | _a(NLR Aleph) 001394251 | ||
| 090 |
_a1181774 _c1181774 |
||
| 100 | _a20090716d2009 |||y0rusy50 ca | ||
| 101 | 1 |
_arus _ceng |
|
| 102 | _aRU | ||
| 105 | _ay z ||||| | ||
| 200 | 1 |
_aПасхальный парад _eроман _fРичард Йейтс _g[пер. с англ. С. Таска] |
|
| 210 |
_aСанкт-Петербург _cАзбука-классика _d2009 |
||
| 215 |
_a253, [2] с. _d21 |
||
| 686 |
_a84(7Сое)-44 _vLBC/PL _2rubbk |
||
| 686 | _aШ6(США)67-440.4{Лх1979-50} | ||
| 700 | 1 |
_4070 _aЙейтс _bР. _f1926-1992 _gРичард _3RU\NLR\auth\7779225 _962153 |
|
| 801 | 0 |
_aRU _bНБР Саха _c20090716 _grcr |
|
| 801 | 1 |
_aRU _bНБР Саха _c20090716 _2rusmarc |
|
| 801 | 2 |
_aRU _bNLR _c20090817 _grcr |
|
| 942 | _cBOOK | ||
| 980 | _aNB | ||